The Effects of Real Exchange Rate Volatility on Sectoral Investment : (Record no. 611108)

MARC details
000 -LEADER
fixed length control field 00546nam a2200193 a 4500
001 - CONTROL NUMBER
control field 1770453313541
003 - CONTROL NUMBER IDENTIFIER
control field YourLibrary
005 - DATE AND TIME OF LATEST TRANSACTION
control field 20260207140846.0
008 - FIXED-LENGTH DATA ELEMENTS--GENERAL INFORMATION
fixed length control field 260207s1997##################000#0#eng##
020 ## - INTERNATIONAL STANDARD BOOK NUMBER
International Standard Book Number 9780815329229
082 04 - DEWEY DECIMAL CLASSIFICATION NUMBER
Classification number 332.6
Item number ERD
040 ## - CATALOGING SOURCE
Original cataloging agency YourLibrary
Language of cataloging eng
Transcribing agency YourLibrary
100 1# - MAIN ENTRY--PERSONAL NAME
Personal name Erdal, Bahar,
Relator term author.
245 10 - TITLE STATEMENT
Title The Effects of Real Exchange Rate Volatility on Sectoral Investment :
260 ## - PUBLICATION, DISTRIBUTION, ETC.
Name of publisher, distributor, etc. Taylor & Francis,
Date of publication, distribution, etc. 1997.
300 ## - PHYSICAL DESCRIPTION
Extent 180 pages
650 #0 - SUBJECT ADDED ENTRY--TOPICAL TERM
Topical term or geographic name entry element Business & Economics.
942 ## - ADDED ENTRY ELEMENTS (KOHA)
Koha item type English Books

No items available.

Find us on the map